[Event "WSCC 50 Open 2017"]
[Site "?"]
[Date "2017.11.15"]
[Round "8"]
[White "Antonio, Rogelio Jr"]
[Black "Jhunjhnuwala, Krishan"]
[Result "1-0"]
[WhiteElo "2431"]
[BlackElo "2340"]
[Annotator "TA"]
[PlyCount "129"]
[EventDate "2017.??.??"]
[EventType "swiss"]
[EventCountry "ITA"]
[SourceTitle "Acqui Terme"]

{[%evp 11,128,30,45,40,42,39,55,49,67,90,81,75,78,35,39,22,33,14,44,6,53,55,120,112,97,77,77,62,53,52,60,58,69,29,26,26,41,34,64,58,61,61,76,56,56,35,59,29,36,53,53,51,37,0,0,0,0,0,172,73,74,64,69,64,82,77,85,40,28,27,24,31,91,8,89,90,152,152,144,148,143,143,143,140,145,128,138,133,139,121,121,121,162,154,177,177,214,192,185,141,216,216,216,136,216,216,210,211,215,210,359,299,29981,986,29993,29994,29998,29999,29999]} 1. e4 c5 2. Nf3 Nc6 3. Bb5 Qb6 4. Nc3 e6 5. O-O Nd4 6. a4 {B30: Sizilianisch (Rossolimo-Variante)} (6. Bc4 Ne7 7. Nxd4 cxd4 8. Ne2 Nc6 9. d3 Be7 10. a3 O-O 11. Ng3 Kh8 12. f4 d6 13. b4 Bd7 14. Bd2 a6 {½-½ (29) Kalezic,B (2457)-Podlesnik,B (2383) Tivat 2011}) 6... Ne7 {LiveBook: 6 Partien} 7. d3 Nec6 8. Bxc6 {Weiß steht etwas besser.} bxc6 $146 ({Vorgänger:} 8... dxc6 9. e5 Be7 10. Ne4 O-O 11. a5 Qd8 12. c3 Nxf3+ 13. Qxf3 f5 {1-0 (44) Jongman,R (2164)-Klinkers,R (2147) ICCF email 2011}) 9. e5 d6 10. exd6 Bxd6 11. Ne4 Be7 12. Nxd4 cxd4 13. Qg4 Kf8 $1 14. Qg3 c5 15. a5 Qc6 16. Bf4 Bb7 (16... h5 $14) 17. a6 $16 Bxa6 18. Bd6 Bxd6 19. Qxd6+ Qxd6 20. Nxd6 Bc8 $1 21. Ra5 {[%mdl 1024] Weiss hat Kompensation.} Ke7 22. Ne4 Bd7 23. Rfa1 ({Viel schlechter ist} 23. Rxc5 Rhc8 $15) 23... Rhb8 24. b3 Rb7 25. f4 Bc6 26. Nxc5 Rc7 27. b4 Bd5 28. g3 Kd6 29. Ra6+ (29. Kf1 {looks sharper.} h6 30. h4 Ke7 31. Ke1 Kf6 32. Kd2) 29... Ke7 30. Kf2 h5 31. R6a5 Kf6 32. h3 g5 33. fxg5+ Kxg5 34. Re1 {Schwarz muss nun Te4! beachten.} Rb8 $2 (34... Kg6 $11 {und Schwarz muss sich keine Sorgen machen.}) 35. Rxe6 (35. c4 $18 dxc3 36. Na6) 35... Rxc5 36. Re5+ Kf6 37. Rxd5 Rxc2+ $14 {[%mdl 4096] Endspiel KTT-KTT} 38. Kf3 {zielt auf Td6+ ab.} Rxb4 39. Ra6+ Kg7 40. Rg5+ Kf8 41. Rxa7 {Und weiter mit Tf5 wäre nett.} Rc1 (41... Rc3 $14) 42. Rxh5 (42. Ra8+ $1 $16 Ke7 43. Rxh5) 42... Rf1+ (42... Rb3 $11 {bleibt in der Remisbreite.}) 43. Kg2 $1 $16 {[%cal Rg2f1]} Rf6 (43... Rd1 $142) 44. Ra8+ Kg7 45. Rg5+ Kh7 46. Ra2 $1 Rb3 47. Rd2 $1 Rd6 48. g4 f6 49. Rf5 Kg6 50. Rf3 Re6 51. Rf4 Rd6 52. h4 {[%cal Bh3h4,Bh4h5][%mdl 32]} Ra3 53. Kg3 Rb3 54. Re4 Ra3 55. Kf4 Rb3 (55... Ra1 $16 {war angesagt.} 56. Rf2 Rd1) 56. Re7 $18 {Droht stark Ta2.} Rb1 57. h5+ Kh6 {[#] Wenn Schwarz jetzt Zeit für ...Tf1+ hätte...} 58. Rf2 $1 Rd1 59. Rf3 Rg1 {[#]} 60. Rf7 $1 Rg2 (60... Rb6 {ist eine bessere Verteidigung.} 61. Rd7 Rb8 62. Rxd4 Rg8) 61. Rf1 Rd2 $2 (61... Re6 $18 62. Rd7 Ra2 63. Rxd4 Raa6) 62. Kg3 (62. Re1 $142 Rf2+ 63. Kg3 f5 64. Kxf2 fxg4 65. Re5 Rc6 66. Kg3 Rc1 67. Rf6+ Kg7 68. Ree6) 62... Rxd3+ 63. Kh4 {Weiß setzt Matt.} Rd2 64. R1xf6+ Rxf6 65. g5# {Precision: Weiß = 65%, Schwarz = 46%.} 1-0

[Event "WSCC 50 Open 2017"]
[Site "?"]
[Date "2017.11.15"]
[Round "8"]
[White "Kalegin, Evgenij"]
[Black "Certek, Pavel"]
[Result "1-0"]
[WhiteElo "2426"]
[BlackElo "2295"]
[Annotator "TA"]
[PlyCount "145"]
[EventDate "2017.??.??"]
[EventType "swiss"]
[EventCountry "ITA"]
[SourceTitle "Acqui Terme"]

{[%evp 21,145,27,29,27,42,39,43,47,53,44,40,36,64,58,74,73,220,112,237,62,150,146,160,128,154,154,151,165,164,170,173,156,150,143,186,186,199,189,197,194,208,185,169,181,164,174,204,211,210,151,193,181,182,108,144,84,91,20,16,16,17,68,16,18,18,18,23,17,17,8,16,19,24,0,0,0,296,296,296,305,305,304,305,304,307,297,597,543,1058,1058,1058,1058,1007,347,7059,6627,29964,5204,29965,29966,29964,29967,29967,29967,29967,29970,29971,29969,29973,29975,29975,29971,29975,29969,29978,29979,29979,29980,29981,29982,29982,29983,29982,29976,29986,29987]} 1. e4 c5 2. Nf3 Nc6 3. Bb5 g6 4. Bxc6 bxc6 5. O-O Bg7 6. h3 Nh6 7. c3 O-O 8. d4 cxd4 9. cxd4 d6 10. Nc3 f6 11. Be3 Nf7 {LiveBook: 3 Games} 12. Rc1 {B31: Sicilian: 2...Nc6 3 Bb5 g6} Bd7 13. b3 $146 ({Predecessor:} 13. Qe2 Qa5 14. Nd2 Rab8 15. b3 f5 16. f3 f4 17. Bf2 Qh5 18. Rfd1 Ng5 19. h4 Nf7 {1-0 (62) Anastasian,A (2545)-Yegiazarian,A (2430) Yerevan 1997}) 13... Qa5 14. Nd2 {White is slightly better.} Rae8 15. Nc4 Qa6 16. f4 Qb7 17. Qd2 Rd8 18. d5 $36 {[%mdl 2048] Black is under strong pressure.} cxd5 (18... c5 $16) 19. Na5 ({Less strong is} 19. Qxd5 Qa6 $14) (19. exd5 Rfe8 $14) (19. Nxd5 $18 {Hoping for Na5.} e6 20. Na5) 19... Qa8 (19... Qb4 $16) 20. Qxd5 $2 (20. Nxd5 $18 e6 21. Ne7+ Kh8 22. Rc7) 20... f5 (20... e6 $1 $14 21. Qxa8 Rxa8) 21. Qxa8 $16 Rxa8 22. exf5 Bxf5 23. Nc6 e5 24. Ne7+ Kh8 25. Nxf5 gxf5 26. fxe5 Nxe5 27. Nd5 Nd3 28. Rcd1 Nc5 29. Nc7 Rac8 30. Nb5 $1 Rce8 31. Bf4 Ne4 32. Nxd6 Re6 33. Nxe4 Rxe4 34. Rd7 Kg8 35. Bg3 f4 36. Bf2 a5 37. Rc1 (37. Re1 $18 Rfe8 38. Kf1) 37... Re2 38. Rcc7 (38. a4 $142) 38... Be5 39. Bd4 (39. Rc5 $16 f3 40. gxf3 Rxf3 41. Rc8+ (41. Rxa5 Rfxf2 42. Rxe5 Rg2+ 43. Kh1 Rh2+ 44. Kg1 Rhg2+ 45. Kh1 Rh2+ 46. Kg1 Rhg2+ $11) 41... Rf8 42. Rxf8+ Kxf8 43. a4 (43. Rxh7 Rxa2 44. Bc5+ Kg8 $14)) 39... Bxd4+ $11 40. Rxd4 {[%mdl 4096] Endgame And now Rdd7 would win. KRR-KRR} f3 $1 {[%cal Rf3f2]} 41. Rg4+ Kh8 {Threatens to win with ...f2+.} 42. gxf3 {Rg2 is the strong threat.} Rxa2 43. Rh4 Rxf3 44. Rhxh7+ Kg8 45. Rcg7+ Kf8 46. Ra7 {[%cal Rh7h8]} Kg8 47. Rhg7+ Kh8 48. Rgb7 {Threatening mate with Rb8+.} Raf2 $2 {[%mdl 8192]} (48... Rg3+ $11 {and Black is okay.} 49. Kf1 Rf3+ 50. Ke1 Rg3 51. Rb8+ Rg8 52. Rxg8+ Kxg8) 49. Rb8+ $18 ({Not} 49. Rxa5 Rf1+ 50. Kh2 R1f2+ 51. Kg1 Rf1+ 52. Kg2 R1f2+ 53. Kg1 $11) 49... Rf8 {[#]} 50. Rxf8+ $1 Rxf8 51. Rxa5 {KR-KR} Rf3 {[#]} 52. Rh5+ $1 Kg7 53. b4 Kg6 $2 (53... Rb3 {might work better.} 54. Rh4 Kf6) 54. Kg2 Rb3 55. Rb5 Kf6 56. h4 Rd3 57. h5 Rd2+ $2 (57... Kg7 58. Rb8 Rd5) 58. Kf3 Rh2 59. Ke4 (59. Ke3 $142 Rh3+ 60. Kf4 Rh4+ 61. Kg3 Rd4 62. Rb6+ Kf5 63. b5 Rd3+ 64. Kf2) 59... Ke7 60. Kd4 {White mates.} Rh4+ 61. Kc3 Kd6 62. Rc5 Kd7 63. Kb3 Rh1 64. Ka4 Kd6 65. Kb5 Rh4 66. Rg5 Rh1 67. Rg6+ Kc7 68. h6 {[%cal Bh5h6,Bh6h7][%mdl 32]} Rh5+ 69. Ka6 Rh1 70. Rg7+ Kc6 71. b5+ Kc5 72. Rc7+ Kb4 73. h7 {Precision: White = 70%, Black = 23%.} 1-0

[Event "WSCC 50 Open 2017"]
[Site "?"]
[Date "2017.11.15"]
[Round "8"]
[White "Bagaturov, Giorgi"]
[Black "Prasad, Devaki V"]
[Result "1/2-1/2"]
[WhiteElo "2399"]
[BlackElo "2290"]
[PlyCount "98"]
[EventDate "2017.??.??"]
[EventType "swiss"]
[EventCountry "ITA"]
[SourceTitle "Acqui Terme"]
[TimeControl "40/5400+30:1800+30"]
[WhiteClock "0:06:09"]
[BlackClock "0:12:16"]

1. d4 {[%emt 0:00:00]} Nf6 {[%emt 0:00:10]} 2. c4 {[%emt 0:00:09]} g6 {[%emt 0:00:08]} 3. Nf3 {[%emt 0:01:11]} Bg7 {[%emt 0:00:08]} 4. g3 {[%emt 0:01:50]} O-O {[%emt 0:00:17]} 5. Bg2 {[%emt 0:00:09]} d6 {[%emt 0:00:23]} 6. O-O {[%emt 0:01:17]} Nbd7 {[%emt 0:00:39]} 7. Qc2 {[%emt 0:05:51]} e5 {[%emt 0:00:34]} 8. Rd1 {[%emt 0:00:07]} Re8 {[%emt 0:01:45]} 9. Nc3 {[%emt 0:00:33]} exd4 {[%emt 0:19:58]} 10. Nxd4 {[%emt 0:00:17]} Nc5 {[%emt 0:00:30]} 11. e4 {[%emt 0:04:48]} Qe7 {[%emt 0:08:47]} 12. f3 {[%emt 0:00:45]} c6 {[%emt 0:03:50]} 13. Be3 {[%emt 0:08:28]} a5 {[%emt 0:03:53]} 14. b3 {[%emt 0:04:35]} h5 {[%emt 0:03:19]} 15. Bf2 {[%emt 0:02:12]} Nh7 {[%emt 0:04:07]} 16. h3 {[%emt 0:11:40]} Ng5 {[%emt 0:01:56]} 17. Kh2 {[%emt 0:00:23]} h4 {[%emt 0:01:35]} 18. g4 {[%emt 0:19:01]} Be5+ {[%emt 0:01:28]} 19. Kh1 {[%emt 0:00:04]} Nge6 {[%emt 0:09:17]} 20. Nde2 {[%emt 0:05:55]} Qf6 {[%emt 0:00:55]} 21. Be3 {[%emt 0:00:46]} g5 {[%emt 0:04:03]} 22. Rac1 {[%emt 0:04:11]} Nf4 {[%emt 0:10:37]} 23. Nxf4 {[%emt 0:03:01]} gxf4 {[%emt 0:00:45]} 24. Bf2 {[%emt 0:01:07]} Be6 {[%emt 0:08:10]} 25. Ne2 {[%emt 0:02:18]} Nd7 {[%emt 0:03:01]} 26. Rd2 {[%emt 0:02:16]} c5 {[%emt 0:01:45]} 27. Nc3 {[%emt 0:01:32]} Nf8 {[%emt 0:02:42]} 28. Rd3 {[%emt 0:06:52]} Red8 {[%emt 0:01:47]} 29. Rcd1 {[%emt 0:01:22]} Rd7 {[%emt 0:00:13]} 30. Nb5 {[%emt 0:02:18]} Qe7 {[%emt 0:02:28]} 31. Bf1 {[%emt 0:02:47]} b6 {[%emt 0:00:48]} 32. Nc3 {[%emt 0:00:24]} Ng6 {[%emt 0:00:36]} 33. Nd5 {[%emt 0:02:23]} Bxd5 {[%emt 0:00:14]} 34. exd5 {[%emt 0:00:28]} a4 {[%emt 0:00:59]} 35. R3d2 {[%emt 0:00:20]} axb3 {[%emt 0:00:16]} 36. axb3 {[%emt 0:00:04]} Rda7 {[%emt 0:00:14]} 37. Bd3 {[%emt 0:00:23]} Kg7 {[%emt 0:00:27]} 38. b4 {[%emt 0:04:17]} Ra1 {[%emt 0:00:12]} 39. bxc5 {[%emt 0:00:31]} bxc5 {[%emt 0:00:07]} 40. Kg2 {[%emt 0:00:47]} R8a3 {[%emt 0:32:08]} 41. Re2 {[%emt 0:32:06]} Rxd1 {[%emt 0:04:03]} 42. Qxd1 {[%emt 0:00:50]} Qf6 {[%emt 0:00:00]} 43. Qb1 {[%emt 0:00:00]} Ra1 {[%emt 0:00:00]} 44. Qb8 {[%emt 0:00:00]} Bd4 {[%emt 0:00:00]} 45. Bxg6 {[%emt 0:00:00]} Bxf2 {[%emt 0:00:00]} 46. Bxf7 {[%emt 0:00:00]} Rg1+ {[%emt 0:00:00]} 47. Kh2 {[%emt 0:00:00]} Rh1+ {[%emt 0:00:00]} 48. Kg2 {[%emt 0:00:00]} Rg1+ {[%emt 0:00:00]} 49. Kh2 {[%emt 0:00:00]} Rh1+ 1/2-1/2

[Event "WSCC 50 Open 2017"]
[Site "?"]
[Date "2017.11.15"]
[Round "8"]
[White "Buchal, Stephan"]
[Black "Van den Bersselaar, Jeroen"]
[Result "1-0"]
[WhiteElo "2347"]
[BlackElo "2189"]
[PlyCount "53"]
[EventDate "2017.??.??"]
[EventType "swiss"]
[EventCountry "ITA"]
[SourceTitle "Acqui Terme"]
[TimeControl "40/5400+30:1800+30"]
[WhiteClock "0:18:05"]
[BlackClock "0:10:37"]

1. Nf3 {[%emt 0:00:00]} Nf6 {[%emt 0:02:39]} 2. c4 {[%emt 0:00:07]} Nc6 {[%emt 0:01:32]} 3. g3 {[%emt 0:02:45]} e5 {[%emt 0:00:12]} 4. Bg2 {[%emt 0:00:36]} d5 {[%emt 0:00:35]} 5. cxd5 {[%emt 0:00:18]} Nxd5 {[%emt 0:00:07]} 6. O-O {[%emt 0:01:00]} Nb6 {[%emt 0:00:51]} 7. a3 {[%emt 0:02:20]} Be7 {[%emt 0:01:57]} 8. d3 {[%emt 0:02:50]} O-O {[%emt 0:00:47]} 9. b4 {[%emt 0:01:39]} Be6 {[%emt 0:02:42]} 10. Bb2 {[%emt 0:01:33]} f6 {[%emt 0:03:09]} 11. Nbd2 {[%emt 0:01:44]} Qd7 {[%emt 0:12:44]} 12. Rc1 {[%emt 0:03:59]} a5 {[%emt 0:06:08]} 13. b5 {[%emt 0:22:20]} Nd8 {[%emt 0:00:10]} 14. d4 {[%emt 0:05:09]} Qxb5 {[%emt 0:07:31]} 15. Ba1 {[%emt 0:02:50]} Bxa3 {[%emt 0:08:12]} 16. Rxc7 {[%emt 0:15:02]} Nd5 {[%emt 0:13:05]} 17. Rc2 {[%emt 0:00:49]} Nc6 {[%emt 0:00:56]} 18. e4 {[%emt 0:03:14]} Nb6 {[%emt 0:07:17]} 19. d5 {[%emt 0:01:38]} Nxd5 {[%emt 0:00:45]} 20. exd5 {[%emt 0:00:06]} Bxd5 {[%emt 0:00:07]} 21. Nb1 {[%emt 0:01:27]} Bb4 {[%emt 0:01:31]} 22. Nc3 {[%emt 0:00:43]} Bxc3 {[%emt 0:00:38]} 23. Rxc3 {[%emt 0:01:13]} Rfd8 {[%emt 0:04:11]} 24. Qc1 {[%emt 0:04:26]} Qa6 {[%emt 0:07:56]} 25. Rd1 {[%emt 0:04:01]} a4 {[%emt 0:00:49]} 26. Bf1 {[%emt 0:01:50]} Bxf3 {[%emt 0:06:22]} 27. Rxd8+ {[%emt 0:01:46]} 1-0

[Event "WSCC 50 Open 2017"]
[Site "?"]
[Date "2017.11.15"]
[Round "8"]
[White "Brendel, Oliver"]
[Black "Cetinkaya, Vedat Ali"]
[Result "1-0"]
[WhiteElo "2334"]
[BlackElo "1968"]
[PlyCount "67"]
[EventDate "2017.??.??"]
[EventType "swiss"]
[EventCountry "ITA"]
[SourceTitle "Acqui Terme"]
[TimeControl "40/5400+30:1800+30"]
[WhiteClock "0:09:28"]
[BlackClock "0:10:30"]

1. e4 {[%emt 0:00:00]} c6 {[%emt 0:00:21]} 2. d4 {[%emt 0:00:00]} d5 {[%emt 0:00:11]} 3. Nc3 {[%emt 0:00:08]} dxe4 {[%emt 0:00:20]} 4. Nxe4 {[%emt 0:00:08]} Nd7 {[%emt 0:00:15]} 5. Ng5 {[%emt 0:00:50]} Ngf6 {[%emt 0:00:36]} 6. Bd3 {[%emt 0:00:56]} e6 {[%emt 0:00:26]} 7. N1f3 {[%emt 0:00:29]} Bd6 {[%emt 0:03:01]} 8. Qe2 {[%emt 0:00:37]} h6 {[%emt 0:08:50]} 9. Ne4 {[%emt 0:00:20]} Nxe4 {[%emt 0:00:11]} 10. Qxe4 {[%emt 0:00:10]} Nf6 {[%emt 0:00:39]} 11. Qe2 {[%emt 0:00:19]} O-O {[%emt 0:02:31]} 12. Bd2 {[%emt 0:06:06]} Qc7 {[%emt 0:06:12]} 13. O-O-O {[%emt 0:04:03]} c5 {[%emt 0:15:36]} 14. dxc5 {[%emt 0:09:02]} Qxc5 {[%emt 0:01:08]} 15. Rhe1 {[%emt 0:05:24]} Rd8 {[%emt 0:08:07]} 16. Ne5 {[%emt 0:11:01]} Bxe5 {[%emt 0:12:27]} 17. Qxe5 {[%emt 0:00:18]} Qxe5 {[%emt 0:01:14]} 18. Rxe5 {[%emt 0:00:06]} Bd7 {[%emt 0:00:12]} 19. f3 {[%emt 0:09:15]} Bc6 {[%emt 0:01:04]} 20. Be3 Nd5 {[%emt 0:03:27]} 21. Bf2 {[%emt 0:17:12]} Nf4 {[%emt 0:10:23]} 22. Bf1 {[%emt 0:00:32]} Bd5 {[%emt 0:00:19]} 23. b3 {[%emt 0:06:07]} Rdc8 {[%emt 0:01:58]} 24. Kb2 {[%emt 0:01:32]} b5 {[%emt 0:00:46]} 25. Bxb5 {[%emt 0:07:10]} Nxg2 {[%emt 0:00:51]} 26. Rexd5 {[%emt 0:01:15]} exd5 {[%emt 0:00:36]} 27. Rxd5 {[%emt 0:00:11]} a6 {[%emt 0:06:06]} 28. Bc4 {[%emt 0:00:20]} Rc7 {[%emt 0:01:01]} 29. Ra5 {[%emt 0:05:27]} Rd7 {[%emt 0:01:58]} 30. Rxa6 {[%emt 0:02:49]} Rad8 {[%emt 0:02:29]} 31. Ra7 {[%emt 0:03:18]} Rd2 {[%emt 0:01:36]} 32. Rxf7 {[%emt 0:01:02]} Kh8 {[%emt 0:00:08]} 33. Bb6 {[%emt 0:00:34]} Re8 {[%emt 0:01:31]} 34. Ba5 {[%emt 0:00:51]} 1-0

[Event "WSCC 50 Open 2017"]
[Site "?"]
[Date "2017.11.15"]
[Round "8"]
[White "Sarno, Spartaco"]
[Black "Vepkhvishvili, Varlam"]
[Result "1-0"]
[WhiteElo "2327"]
[BlackElo "2048"]
[PlyCount "99"]
[EventDate "2017.??.??"]
[EventType "swiss"]
[EventCountry "ITA"]
[SourceTitle "Acqui Terme"]
[TimeControl "40/5400+30:1800+30"]
[WhiteClock "0:02:43"]
[BlackClock "0:28:47"]

1. c4 {[%emt 0:00:09]} Nf6 {[%emt 0:00:12]} 2. Nc3 {[%emt 0:00:18]} g6 {[%emt 0:00:07]} 3. g3 {[%emt 0:00:15]} Bg7 {[%emt 0:00:09]} 4. Bg2 {[%emt 0:00:08]} O-O {[%emt 0:00:07]} 5. Nf3 {[%emt 0:00:43]} d6 {[%emt 0:00:17]} 6. O-O {[%emt 0:00:10]} c5 {[%emt 0:00:36]} 7. d4 {[%emt 0:01:54]} cxd4 {[%emt 0:00:23]} 8. Nxd4 {[%emt 0:00:07]} a6 {[%emt 0:00:27]} 9. b3 {[%emt 0:01:30]} Qc7 {[%emt 0:00:35]} 10. Bb2 {[%emt 0:00:24]} Nc6 {[%emt 0:00:34]} 11. Nc2 {[%emt 0:02:08]} Bd7 {[%emt 0:04:26]} 12. Qd2 {[%emt 0:02:49]} Rac8 {[%emt 0:02:32]} 13. Ne3 {[%emt 0:07:04]} Ne8 {[%emt 0:07:44]} 14. Rfd1 {[%emt 0:06:55]} Ne5 {[%emt 0:04:39]} 15. Rac1 {[%emt 0:03:15]} Bc6 {[%emt 0:02:12]} 16. Ned5 {[%emt 0:15:20]} Qd8 {[%emt 0:01:38]} 17. f4 {[%emt 0:03:04]} Ng4 {[%emt 0:01:15]} 18. h3 {[%emt 0:02:19]} Ngf6 {[%emt 0:02:57]} 19. e4 {[%emt 0:01:43]} b5 {[%emt 0:02:51]} 20. cxb5 {[%emt 0:03:03]} axb5 {[%emt 0:00:24]} 21. Nb4 {[%emt 0:02:03]} Ba8 {[%emt 0:08:59]} 22. e5 {[%emt 0:05:13]} Nd7 {[%emt 0:07:10]} 23. Bxa8 {[%emt 0:01:20]} Rxa8 {[%emt 0:00:07]} 24. Ncd5 {[%emt 0:00:19]} Nb8 {[%emt 0:01:29]} 25. Qg2 {[%emt 0:17:56]} Ra7 {[%emt 0:01:54]} 26. Bd4 {[%emt 0:00:10]} Ra3 {[%emt 0:05:33]} 27. Rc8 {[%emt 0:01:53]} Qd7 {[%emt 0:01:12]} 28. Rxb8 {[%emt 0:00:15]} dxe5 {[%emt 0:00:11]} 29. Bc5 {[%emt 0:05:20]} Kh8 {[%emt 0:05:20]} 30. Bxe7 {[%emt 0:09:55]} Rg8 {[%emt 0:00:12]} 31. Nc6 {[%emt 0:04:10]} Ra6 {[%emt 0:01:20]} 32. Ne3 {[%emt 0:02:09]} Qxc6 33. Qxc6 {[%emt 0:00:05]} Rxc6 {[%emt 0:00:40]} 34. Rdd8 {[%emt 0:00:04]} h5 {[%emt 0:03:13]} 35. Rxe8 {[%emt 0:00:13]} Rxe8 {[%emt 0:00:02]} 36. Rxe8+ {[%emt 0:00:02]} Kh7 {[%emt 0:00:05]} 37. Bf8 {[%emt 0:00:45]} Bf6 {[%emt 0:06:59]} 38. fxe5 {[%emt 0:00:22]} Bg5 {[%emt 0:00:02]} 39. Nd5 {[%emt 0:00:07]} h4 {[%emt 0:01:15]} 40. Nf6+ {[%emt 0:00:39]} Bxf6 {[%emt 0:30:12]} 41. exf6 {[%emt 0:30:03]} hxg3 {[%emt 0:00:43]} 42. Kg2 {[%emt 0:03:16]} Rxf6 {[%emt 0:01:06]} 43. Kxg3 {[%emt 0:00:15]} g5 {[%emt 0:01:12]} 44. Re5 {[%emt 0:00:37]} Kg6 {[%emt 0:00:34]} 45. Rxb5 {[%emt 0:00:13]} Rc6 {[%emt 0:00:30]} 46. Bc5 {[%emt 0:00:12]} Rc8 {[%emt 0:00:30]} 47. a4 {[%emt 0:00:17]} f5 {[%emt 0:00:39]} 48. a5 {[%emt 0:00:24]} Rd8 {[%emt 0:00:05]} 49. a6 {[%emt 0:00:24]} Kh5 {[%emt 0:00:54]} 50. a7 {[%emt 0:00:18]} 1-0

[Event "WSCC 50 Open 2017"]
[Site "?"]
[Date "2017.11.15"]
[Round "8"]
[White "Mantovani, Renzo"]
[Black "Vaglio Munoz, Jaime"]
[Result "1-0"]
[WhiteElo "2307"]
[BlackElo "2170"]
[PlyCount "59"]
[EventDate "2017.??.??"]
[EventType "swiss"]
[EventCountry "ITA"]
[SourceTitle "Acqui Terme"]
[TimeControl "40/5400+30:1800+30"]
[WhiteClock "0:20:59"]
[BlackClock "0:09:09"]

1. d4 {[%emt 0:00:00]} c6 {[%emt 0:00:06]} 2. e4 {[%emt 0:04:17]} Qa5+ {[%emt 0:00:07]} 3. c3 {[%emt 0:02:50]} d5 {[%emt 0:00:17]} 4. exd5 {[%emt 0:03:41]} Qxd5 {[%emt 0:00:48]} 5. Nf3 {[%emt 0:01:10]} Nf6 {[%emt 0:00:08]} 6. Nbd2 {[%emt 0:00:56]} Bg4 {[%emt 0:02:07]} 7. Bc4 {[%emt 0:05:33]} Bxf3 {[%emt 0:00:26]} 8. Qb3 {[%emt 0:09:31]} Qd6 {[%emt 0:42:10]} 9. Nxf3 {[%emt 0:04:32]} Nd5 {[%emt 0:04:11]} 10. Qxb7 {[%emt 0:02:55]} Nb6 {[%emt 0:00:45]} 11. Ne5 {[%emt 0:04:50]} f6 {[%emt 0:01:18]} 12. Nf7 {[%emt 0:11:31]} Qd7 {[%emt 0:00:12]} 13. Qxd7+ {[%emt 0:00:15]} Kxd7 {[%emt 0:03:32]} 14. Bb3 {[%emt 0:00:17]} Rg8 {[%emt 0:02:02]} 15. Ne5+ {[%emt 0:05:36]} fxe5 {[%emt 0:00:05]} 16. Bxg8 {[%emt 0:00:08]} exd4 {[%emt 0:00:28]} 17. cxd4 {[%emt 0:01:15]} h6 {[%emt 0:03:16]} 18. O-O {[%emt 0:02:18]} Na6 {[%emt 0:00:21]} 19. Bf4 {[%emt 0:09:24]} e6 {[%emt 0:03:31]} 20. Rfe1 {[%emt 0:01:59]} Re8 {[%emt 0:00:05]} 21. Bf7 {[%emt 0:00:25]} Re7 {[%emt 0:00:04]} 22. Bg6 {[%emt 0:00:10]} Nd5 {[%emt 0:01:16]} 23. Be5 {[%emt 0:00:44]} Nac7 {[%emt 0:02:08]} 24. Rac1 {[%emt 0:01:23]} a5 {[%emt 0:18:56]} 25. Rc5 {[%emt 0:02:45]} Re8 {[%emt 0:00:40]} 26. Bxe8+ {[%emt 0:01:17]} Nxe8 {[%emt 0:03:13]} 27. Rxa5 {[%emt 0:00:28]} Ndc7 {[%emt 0:02:18]} 28. Ra7 {[%emt 0:01:11]} c5 {[%emt 0:01:15]} 29. dxc5 {[%emt 0:02:18]} Bxc5 {[%emt 0:00:06]} 30. Rxc7+ {[%emt 0:00:22]} 1-0

[Event "WSCC 50 Open 2017"]
[Site "?"]
[Date "2017.11.15"]
[Round "8"]
[White "Contin, Daniel"]
[Black "Vebic, Kasem"]
[Result "0-1"]
[WhiteElo "2272"]
[BlackElo "2118"]
[PlyCount "110"]
[EventDate "2017.??.??"]
[EventType "swiss"]
[EventCountry "ITA"]
[SourceTitle "Acqui Terme"]
[TimeControl "40/5400+30:1800+30"]
[WhiteClock "0:10:26"]
[BlackClock "0:53:24"]

1. Nf3 {[%emt 0:00:50]} Nf6 {[%emt 0:00:48]} 2. c4 {[%emt 0:00:13]} c5 {[%emt 0:00:30]} 3. g3 {[%emt 0:00:50]} b6 {[%emt 0:00:29]} 4. Bg2 {[%emt 0:00:10]} Bb7 {[%emt 0:00:39]} 5. Nc3 {[%emt 0:00:30]} Nc6 {[%emt 0:01:39]} 6. O-O {[%emt 0:01:08]} g6 {[%emt 0:00:15]} 7. e3 {[%emt 0:03:19]} Bg7 {[%emt 0:01:13]} 8. d4 {[%emt 0:00:33]} d6 {[%emt 0:02:07]} 9. d5 {[%emt 0:03:19]} Na5 {[%emt 0:01:27]} 10. Nd2 {[%emt 0:01:33]} h5 {[%emt 0:00:43]} 11. h3 {[%emt 0:01:10]} Bc8 {[%emt 0:00:42]} 12. f4 {[%emt 0:01:31]} Bd7 {[%emt 0:00:40]} 13. e4 {[%emt 0:02:13]} Qc8 {[%emt 0:00:44]} 14. e5 {[%emt 0:00:46]} Nh7 {[%emt 0:01:45]} 15. e6 {[%emt 0:08:32]} fxe6 {[%emt 0:00:42]} 16. Qc2 {[%emt 0:09:05]} Nf8 {[%emt 0:01:20]} 17. dxe6 {[%emt 0:00:57]} Bxe6 {[%emt 0:01:24]} 18. Bxa8 {[%emt 0:04:17]} Qxa8 {[%emt 0:00:22]} 19. Nb5 {[%emt 0:00:07]} Kd8 {[%emt 0:01:34]} 20. Kh2 {[%emt 0:07:28]} Bf5 {[%emt 0:02:29]} 21. Qd1 {[%emt 0:00:12]} a6 {[%emt 0:01:59]} 22. Na3 {[%emt 0:03:14]} Qc8 {[%emt 0:00:35]} 23. h4 {[%emt 0:03:57]} Bd3 {[%emt 0:02:04]} 24. Rf3 {[%emt 0:00:55]} Bf5 {[%emt 0:00:46]} 25. Qe1 {[%emt 0:01:34]} Qb7 {[%emt 0:00:39]} 26. Qf1 {[%emt 0:02:53]} Nd7 {[%emt 0:00:20]} 27. Rd3 {[%emt 0:06:24]} Nf6 {[%emt 0:01:05]} 28. Nf3 {[%emt 0:00:13]} Qe4 {[%emt 0:02:20]} 29. Rd1 {[%emt 0:02:47]} Ng4+ {[%emt 0:00:52]} 30. Kg1 {[%emt 0:00:26]} Nc6 {[%emt 0:04:55]} 31. Re1 {[%emt 0:01:00]} Qd3 {[%emt 0:02:42]} 32. Qxd3 {[%emt 0:00:50]} Bxd3 {[%emt 0:00:15]} 33. Ng5 {[%emt 0:00:19]} Bd4+ {[%emt 0:03:05]} 34. Kg2 {[%emt 0:00:15]} Kd7 {[%emt 0:01:00]} 35. Rd1 {[%emt 0:04:09]} Bf5 {[%emt 0:00:35]} 36. Nb1 {[%emt 0:02:38]} Nb4 {[%emt 0:00:40]} 37. Nc3 {[%emt 0:01:29]} Nc2 {[%emt 0:01:19]} 38. Bd2 {[%emt 0:00:10]} e5 {[%emt 0:03:30]} 39. Rac1 {[%emt 0:01:17]} Nge3+ {[%emt 0:00:17]} 40. Kh1 {[%emt 0:02:34]} exf4 {[%emt 0:30:55]} 41. gxf4 {[%emt 0:31:03]} Nxd1 {[%emt 0:00:29]} 42. Rxd1 {[%emt 0:00:28]} Re8 {[%emt 0:00:17]} 43. Nd5 {[%emt 0:01:02]} b5 {[%emt 0:00:36]} 44. Bc3 {[%emt 0:01:00]} Re2 {[%emt 0:03:40]} 45. b3 {[%emt 0:02:56]} Ne3 {[%emt 0:02:15]} 46. Nxe3 {[%emt 0:00:19]} Bxe3 {[%emt 0:00:44]} 47. cxb5 {[%emt 0:05:14]} axb5 {[%emt 0:00:15]} 48. a4 {[%emt 0:00:02]} b4 {[%emt 0:00:33]} 49. Be5 {[%emt 0:04:07]} Bd2 {[%emt 0:00:33]} 50. Kg1 {[%emt 0:02:11]} Bc2 {[%emt 0:00:32]} 51. Ra1 {[%emt 0:00:20]} dxe5 {[%emt 0:00:52]} 52. a5 {[%emt 0:00:13]} Be3+ {[%emt 0:01:09]} 53. Kh1 {[%emt 0:00:29]} Bxb3 {[%emt 0:00:24]} 54. Ne4 {[%emt 0:01:51]} Bd5 {[%emt 0:00:15]} 55. Rd1 {[%emt 0:00:02]} Bd2 {[%emt 0:00:37]} 0-1